header

IBM eserver certification study guide (Record no. 210147)

MARC details
000 -LEADER
fixed length control field 01618nam a22003974a 4500
082 04 - DEWEY DECIMAL CLASSIFICATION NUMBER
Classification number 005.4/32
100 1# - MAIN ENTRY--AUTHOR NAME
Personal name Dasgupta, Tim.
245 10 - TITLE STATEMENT
Title IBM eserver certification study guide
250 ## - EDITION STATEMENT
Edition statement 2nd ed.
260 ## - PUBLICATION, DISTRIBUTION, ETC. (IMPRINT)
Place of publication [Austin] :
Name of publisher IBM International Technical Support Organization,
Year of publication 2002.
300 ## - PHYSICAL DESCRIPTION
Number of Pages xviii, 344 p. :
Other physical details ill.
490 1# - SERIES STATEMENT
Series statement Redbooks
500 ## - GENERAL NOTE
General note "December 2002."
General note The "e" in "eserver" is printed as the symbol for electronic.
General note "SG24-6184-01."
650 #0 - SUBJECT ADDED ENTRY--TOPICAL TERM
Topical Term Electronic data processing personnel
Topical Term Operating systems (Computers)
700 1# - ADDED ENTRY--PERSONAL NAME
Personal name Sommer, Stephen.
856 40 - ELECTRONIC LOCATION AND ACCESS
Uniform Resource Identifier http://site.ebrary.com/lib/rucke/Doc?id=10112355

No items available.

© 2026 Rongo University
Contact us: librarian | system librarian | Rongo university